000 009740am a2200277 004500
003 EG-GiCUC
008 710216s1968 mauab 000 0 eng
040 _aDLC
_c DLC
_d DLC
043 _ae-gw---
050 0 0 _aJN3971.A3 1968
_b.E34
092 0 4 _a320.943
_bE236
_221
099 _a04
_a320.943 E236
100 1 _aEdinger, Lewis Joachim,
_d1922-
245 1 0 _aPolitics in Germany;
_battitudes and processes
_c[by] Lewis J. Edinger.
260 _aBoston,
_bLittle, Brown
_c[1968]
300 _axviii, 360 p.
_billus., maps.
_c21 cm.
490 0 _aThe Little, Brown series in comparative politics. Country studies
500 _aSecond ed. (c1977) published under title: Politics in West Germany.
504 _aIncludes bibliographical references.
651 0 _aGermany (West)
_xPolitics and government.
902 _a1
905 _aEMAN
_eCAT
905 _aIbrahim
_eRev
942 _2ddc
_cBK
999 _c107721
_d107721